| 000 -LEADER |
| fixed length control field |
00689nam a22002297a 4500 |
| 005 - DATE AND TIME OF LATEST TRANSACTION |
| control field |
20251104084722.0 |
| 008 - FIXED-LENGTH DATA ELEMENTS--GENERAL INFORMATION |
| fixed length control field |
251104b ||||| |||| 00| 0 eng d |
| 020 ## - INTERNATIONAL STANDARD BOOK NUMBER |
| International Standard Book Number |
9781482408836 |
| 040 ## - CATALOGING SOURCE |
| Transcribing agency |
KH8 |
| 082 ## - DEWEY DECIMAL CLASSIFICATION NUMBER |
| Classification number |
939 MIL |
| 100 ## - MAIN ENTRY--PERSONAL NAME |
| Personal name |
MILES,LIZ |
| Relator term |
AUTHOR |
| 245 ## - TITLE STATEMENT |
| Title |
MEET THE ANCIENT GREEKS |
| 260 ## - PUBLICATION, DISTRIBUTION, ETC. |
| Place of publication, distribution, etc. |
111 EAST 14TH STREET,SUITE 349 |
| Name of publisher, distributor, etc. |
GARETH STEVENS PUBLISHING |
| Date of publication, distribution, etc. |
2015 |
| 300 ## - PHYSICAL DESCRIPTION |
| Extent |
32 PAGES |
| Other physical details |
COLOUR ILLUSTRATION |
| Dimensions |
21 CM X 26 CM |
| 520 ## - SUMMARY, ETC. |
| Summary, etc. |
Discover the past of the Ancient Greeks. Great for curriculum study. |
| 521 ## - TARGET AUDIENCE NOTE |
| Target audience note |
Ages 10-12 years old |
| 650 ## - SUBJECT ADDED ENTRY--TOPICAL TERM |
| Topical term or geographic name entry element |
Greek |
| 650 ## - SUBJECT ADDED ENTRY--TOPICAL TERM |
| Topical term or geographic name entry element |
History |
| 655 ## - INDEX TERM--GENRE/FORM |
| Genre/form data or focus term |
Juvenile History |
| 655 ## - INDEX TERM--GENRE/FORM |
| Genre/form data or focus term |
Juvenile Non Fiction |
| 942 ## - ADDED ENTRY ELEMENTS (KOHA) |
| Source of classification or shelving scheme |
|
| Koha item type |
Books - Non Ficton |